000 00766nam a2200205Ia 4500
003 IN-BaIIA
008 211028s9999 xx 000 0 eng d
020 _a0-12-473260-7
040 _cIIA Library
080 _a530.145(082.1)
_bQUA
111 _aSymposium on Quantum Theory and Gravitation
_cNew Orleans
_d1979 May 23-26
_912089
245 0 _aQuantum theory and gravitation
_bproceedings of a Symposium on quantum theory and gravitation, held in New Orleans, US, 23-26 May 1979
_cedited by A. R. Marlow
260 _aNew York
_bAcademic Press
_c1980
300 _a[various pagings.]
650 _aGravitation
650 _aNASA thesaurus
650 _aQuantum theory
700 _aMarlow, A. R., ed.
_912090
942 _cBK
999 _c7065
_d7065